000 01161nam a2200229Ia 4500
003 Ost
005 20260507075511.0
008 260507s9999||||xx |||||||||||||| ||und||
020 _a995718220x
040 _cfsecg
041 _aara
082 _a658.8
100 _aطمليه، إلهام فخري
_eمؤلف
245 0 _aالتسويق في المشاريع الصغيرة :
_bمدخل استراتيجي /
_c إلهام فخري طمليه
260 _aعمان:
_bدار المناهج للنشر والتوزيع,
_c2009
300 _a291 صفحة؛
_bإيضاحات ؛
_c25 سم
504 _aببليوغرافيا:ص ص.285-291
520 _aالمشاريع الصغيرة،الريادة التسويقية في المشاريع الصغيرة،المفهوم التسويقي في المشاريع الصغيرة،نظم معلومات التسويق،التخطيط الإستراتيجي للتسويق،إستراتيجية التسويق،إستراتيجية عناصر المزيج التسويقي،الإمتياز،التجربة الأردنية
653 _aالتسويق
653 _aالمشروعات
942 _cكتاب
999 _c44734
_d44734